NFL Chain-link - Statistics

General Stats
  • This quiz has been taken 386 times
  • The average score is 12 of 20
Answer Stats
Hint Answer % Correct
This team joined the league in 2002, and is the youngest team in the league Texans
92%
Which are in the same city that this team used to play in Titans
76%
Which are in the same division as Jaguars
73%
Who are the only undefeated regular season team along with Patriots
73%
Who play in the same state with Dolphins
72%
Who play in the state of Massachusetts
71%
Which borders New York
70%
Which is the same as this city Los Angeles
61%
Which largest city has this number of teams 2
58%
Who went on to win their _ Super Bowl 4
57%
Which hosts this team 49ers
54%
Which was won by this team in the AFC Chiefs
53%
Whose head coach, coached this college team last season Michigan
53%
Which resides in the same state as San Francisco
52%
Which now share a stadium with this team Chargers
51%
Which hosts this NFL team Lions
50%
Which is the mascot of this baseball team St. Louis
49%
Which lost in this round of the playoffs Conference Championship
46%
Which was the original city of this team Rams
44%
Which play in the same division as Cardinals
41%
No matching quizzes found
Score Distribution
Percent of People with Each Score
Percentile by Number Answered
Your Score History
You have not taken this quiz